000 00620nas a2200229 4500
001 BR0807019
003 BR-BrBNA
005 20231205112152.0
007 ta
008 230509b bl.|||p| |||| 00| 00por d
040 _aBR-BrBNA
_bpor
_cBiblioteca Nacional de Agricultura
041 _a(Pt)
072 _aL40; L10
100 1 _aBonetti, A.M.
245 1 _aAção gênica em abelhas
650 _aABELHA
650 _aGENÉTICA
650 _aANATOMIA ANIMAL
773 0 _tNaturalia (Brazil)
_xISSN 0001-1944
_g(1992), v. 1 p. 56-57
_wBR0807019
909 _a202311
_bLúcia
_c55
_dLúcia Elande
942 _2AGRIS
_n0
_cANA
999 _c196486
_d196486